[Event "Blumenau U2400 op"]
[Site "Blumenau"]
[Date "2024.08.31"]
[Round "2"]
[White "Vieira, Thomas R Do Nascime"]
[Black "Goncalves, Eduardo Moutinho"]
[Result "0-1"]
[WhiteElo "1800"]
[BlackElo "1652"]
[PlyCount "90"]
[EventDate "2024.08.30"]
[EventType "swiss"]
[EventRounds "6"]
[EventCountry "BRA"]
[SourceTitle "EXT 2025"]
[Source "ChessBase"]
[SourceDate "2024.10.14"]
[SourceVersion "1"]
[SourceVersionDate "2024.10.14"]
[SourceQuality "1"]

1. e4 e5 2. Nf3 Nc6 3. Bb5 a6 4. Bxc6 dxc6 5. Nc3 Nf6 6. d3 Bc5 7. 0-0 Bg4 8. h3 Bh5 9. Na4 Ba7 10. Be3 Bxe3 11. fxe3 Qe7 12. c3 b5 13. Qc2 Bxf3 14. Rxf3 bxa4 15. Qxa4 Qd7 16. Qa5 0-0 17. Qxe5 Qxd3 18. Qxc7 Qxe4 19. Re1 Rfe8 20. Kf2 Re7 21. Qb6 Qc4 22. a3 Ne4+ 23. Kg1 Rae8 24. Rf4 Qb5 25. Qxb5 axb5 26. Kf1 g5 27. Rf5 Ng3+ 28. Kf2 Nxf5 29. Re2 Rxe3 30. Rxe3 Nxe3 31. b3 Nd1+ 32. Kf3 Re3+ 33. Kg4 Rxc3 34. Kxg5 Rxb3 35. g4 c5 36. h4 Ne3 37. h5 Ng2 38. Kf5 c4 39. g5 c3 40. g6 c2 41. gxh7+ Kxh7 42. Kf6 c1Q 43. Kxf7 Re3 44. Kf6 Re4 45. Kf5 Qf4# 0-1